Central Library OPAC University of Rajshahi

বাগীশ্বরী শিল্প প্রবন্ধাবলী / (Record no. 71384)

MARC details
000 -LEADER
fixed length control field 00880nam a2200241 a 4500
001 - CONTROL NUMBER
control field 71384
003 - CONTROL NUMBER IDENTIFIER
rucl marc code BD-RjUL
005 - DATE AND TIME OF LATEST TRANSACTION
control field 20211209082116.0
008 - FIXED-LENGTH DATA ELEMENTS--GENERAL INFORMATION
fixed length control field 170502s1962 ii |||| |||| 000 e ben d
020 ## - INTERNATIONAL STANDARD BOOK NUMBER
Terms of availability : Tk. 12.00
035 ## - SYSTEM CONTROL NUMBER
System control number (BD-RjUL)71600
040 ## - CATALOGING SOURCE
Original cataloging agency BD-RjUL
Language of cataloging ben
Transcribing agency BD-RjUL
041 ## - LANGUAGE CODE
Language code of text/sound track or separate title ben
082 ## - DEWEY DECIMAL CLASSIFICATION NUMBER
Edition number 23
Classification number 891.444
Author mark and year TAB 1962
100 1# - MAIN ENTRY--PERSONAL NAME
Personal name ঠাকুর, অবনীন্দ্রনাথ
9 (RLIN) 121196
245 10 - TITLE STATEMENT
Title বাগীশ্বরী শিল্প প্রবন্ধাবলী /
Statement of responsibility, etc. অবনীন্দ্রনাথ ঠাকুর
260 ## - PUBLICATION, DISTRIBUTION, ETC. (IMPRINT)
Place of publication, distribution, etc. কলকাতা :
Name of publisher, distributor, etc. রূপা অ্যাণ্ড কোম্পানী,
Date of publication, distribution, etc. ১৯৬২
300 ## - PHYSICAL DESCRIPTION
Pagination ৩৪৬ পৃ. ;
Size ২১ সেমি
490 ## - SERIES STATEMENT
Series statement
650 ## - SUBJECT ADDED ENTRY--TOPICAL TERM
Topical term or geographic name as entry element বাংলা প্রবন্ধ
9 (RLIN) 121197
Topical term or geographic name as entry element Bengali Essays
9 (RLIN) 121198
942 ## - ADDED ENTRY ELEMENTS (KOHA)
Source of classification or shelving scheme Dewey Decimal Classification
Koha item type Books
Holdings
Lost status Source of classification or shelving scheme Damaged status Not for loan Collection code Permanent Location Current Location Shelving location Date acquired Source of acquisition Cost, normal purchase price Total Checkouts Full call number Date last seen Copy number Koha item type Date checked out
  Dewey Decimal Classification   Not For Loan Non-fiction Central Library, University of Rajshahi Central Library, University of Rajshahi Reading Room 20/01/1965 Ideal Library, Dhaka 13.50   B 891.444 TAB 1962 02/05/2017 C-1 Books  
  Dewey Decimal Classification     Non-fiction Central Library, University of Rajshahi Central Library, University of Rajshahi   20/01/1965 Ideal Library, Dhaka 13.50 2 B 891.444 TAB 1962 07/09/2025 C-2 Books 25/08/2025